00713nam a2200181 i 450000100060000000300090000600500170001500700030003200800410003524501210007626000680019730000220026574000360028774000370032385200320036099900170039295201220040955797ES-MaACL20230906163224.0t|030926s1971 sp ||||1| spa d04aXLV día universal del ahorro b: colaboraciones de graduados, seminarios, universitarios y de escuelas especiales. aBarcelona : bCaja de Ahorros Provincial de Barcelona, c[1971] a375 p. ; c22 cm.0 aXLV día universal del ahorro.0 a45º día universal del ahorro. aES-MaACLjC-45663 bR.77685 c55797d55797 00104070aATENEOMbATENEOMcDEPO2d2008-01-17eSCl0oC-45663p1058612r2023-02-23 00:00:00w2023-02-23yMONOGRAFIA